|
|
|
|
| LEADER |
00000nas a2200000 4500 |
| 001 |
ssj0000605426 |
| 003 |
WaSeSS |
| 005 |
20200512172242.0 |
| 006 |
m d |
| 007 |
cr n |
| 008 |
750727c19599999it mr s 0 b0ita d |
| 010 |
|
|
|a sn 80002137
|
| 016 |
7 |
|
|a 0404022
|2 DNLM
|
| 016 |
7 |
|
|a A34560000
|2 DNLM
|
| 022 |
|
|
|a 1971-1441
|l 0003-4681
|y 0003-4681
|
| 030 |
|
|
|a ASTOAR
|
| 035 |
|
|
|a (WaSeSS)ssj0000605426
|
| 040 |
|
|
|a MnMULS
|b eng
|c MnMULS
|d NSDP
|d OCoLC
|d NSDP
|d OCoLC
|d NST
|d OCoLC
|d DNLM
|d OCoLC
|d CaQMU
|d CU-M
|d OCoLC
|d OCLCF
|d OCLCO
|d UkLW
|d OCLCO
|d OCoLC
|d WaSeSS
|
| 042 |
|
|
|a nsdp
|
| 060 |
0 |
0 |
|a W1
|b AN523
|
| 210 |
0 |
|
|a Ann. stomatol.
|
| 222 |
|
0 |
|a Annali di stomatologia
|
| 245 |
0 |
0 |
|a Annali di stomatologia
|h [electronic resource].
|
| 260 |
|
|
|a Rome
|b [publisher not identified]
|
| 500 |
|
|
|a "Rivista mensile di scienze odontostomatologie."
|
| 506 |
|
|
|a License restrictions may limit access.
|
| 580 |
|
|
|a Formed by the union of: Annali di stomatologia e dell'Istituto Superiore di Odontoiatria "G. Eastman," ISSN 0375-85516, and: Clinica odontoiatrica, ISSN 0366-6794.
|
| 650 |
|
0 |
|a Dentistry
|v Periodicals.
|
| 650 |
|
2 |
|a Dentistry.
|
| 650 |
|
2 |
|a Mouth Diseases.
|
| 650 |
|
6 |
|a Dentisterie
|v Périodiques.
|
| 650 |
|
6 |
|a Bouche
|x Maladies
|v Périodiques.
|
| 650 |
|
7 |
|a Dentistry.
|2 fast
|0 (OCoLC)fst00890633
|
| 655 |
|
0 |
|a Electronic journals.
|
| 780 |
1 |
4 |
|t Annali di stomatologia e dell'Istituto Superiore di Odontoiatria "G. Eastman"
|x 0375-8516
|
| 780 |
1 |
4 |
|t Clinica odontoiatrica
|x 0366-6794
|
| 850 |
|
|
|a PU
|
| 856 |
4 |
0 |
|z Full text available from Research Library: 01/01/2012 to present
|u https://search.proquest.com/publication/1486348
|